• 首页
  • 本馆介绍
  • 公告通知
  • 最新文献
  • 馆藏检索
  • 电子资源
  • 读者导购
  • 参考咨询
  • 我的图书馆
  • 登录
  • 详细信息显示
  • 放入我的书架
  • 预约/预借图书
  • 作者相关作品
  • 分类相关作品
  • 丛书相关作品
  • 出版社相关作品

书目信息

  • 表格格式
  • 工作单格式
  • 卡片格式
题名:
当代电影分析
    
 
作者: 奥蒙 , 马利 著 ;吴佩慈 译
分册:  
出版信息: 南京   江苏教育出版社  2005
页数: 320页
开本: 21cm
丛书名: 电影馆
单 册:
中图分类: J909.8 , J905.5
科图分类:
主题词: 电影(艺术)--流派--研究--西方国家--现代 , 电影评论--西方国家--现代 , 电影(艺术) , 流派 , 电影评论
电子资源:
ISBN: 7-5343-6105-2
000 01244oam2 2200349 450
001 1234872669
005 20121019094215.21
010    @a7-5343-6105-2@dCNY21.80
100    @a20050416d2005 em y0chiy50 ea
101 1  @achi@cfre
102    @aCN@b320000
105    @aa z 001yy
200 1  @a当代电影分析@Adang dai dian ying fen xi@f(法)雅克·奥蒙(Jacques Aumont),(法)米歇尔·马利(Michel Marie)著@g吴珮慈译
210    @a南京@c江苏教育出版社@d2005
215    @a320页@c剧照@d21cm
225 2  @a电影馆@i电影理论系列
320    @a书后附:片名索引 人名索引
330    @a本书阐述了20世纪70年代以来欧美地区重要的电影理论分析流派,对结构主义文本分析、叙事学分析、精神分析等理论的基本内容及其所产生的影响作了完整的分析和评介。
461  0 @12001 @a电影馆
462  0 @12001 @a电影理论系列
606 0  @a电影(艺术)@x流派@y研究@y西方国家@z现代
606 0  @a电影评论@y西方国家@z现代
606 0  @a电影(艺术)
606 0  @a流派
606 0  @a电影评论
690    @aJ909.8@v4
690    @aJ905.5@v4
701  0 @c(法)@a奥蒙@Aao meng@c(Aumont, Jacques@f1942~)@4著
701  0 @c(法)@a马利@Ama li@c(Marie, Michel@f1945~)@4著
702  0 @a吴佩慈@Awu pei ci@c(电影学)@4译
801  0 @aCN@bNLC@c20101222
905    @a10447@dJ909.8@eJY20
    
    当代电影分析/(法)雅克·奥蒙(Jacques Aumont),(法)米歇尔·马利(Michel Marie)著/吴珮慈译.-南京:江苏教育出版社,2005
    320页:剧照;21cm.-(电影馆.电影理论系列)
    
    
    ISBN 7-5343-6105-2:CNY21.80
    本书阐述了20世纪70年代以来欧美地区重要的电影理论分析流派,对结构主义文本分析、叙事学分析、精神分析等理论的基本内容及其所产生的影响作了完整的分析和评介。
●
相关链接 在E读中查询图书 在五车中查询图书 在当当中查询图书 在豆瓣中查询图书


正题名:当代电影分析     索取号:J909.8/JY20         预约/预借

序号 登录号 条形码 馆藏地/架位号 状态 备注
1 7834955   278349556   学院路分馆/ [索取号:J909.8/JY20] 在馆    
2 7834956   278349565   学院路分馆/ [索取号:J909.8/JY20] 在馆    
3 7834957   278349574   学院路分馆/ [索取号:J909.8/JY20] 在馆    
4 7834958   278349583   学院路分馆/ [索取号:J909.8/JY20] 在馆    
5 7834959   278349592   学院路分馆/ [索取号:J909.8/JY20] 在馆    
6 7834960   278349609   学院路分馆/ [索取号:J909.8/JY20] 在馆    
7 7834961   278349618   学院路分馆/ [索取号:J909.8/JY20] 在馆    
唐山师范学院图书馆 欢迎您!
大连网信软件有限公司© 版权所有